000 00658nam a2200205Ia 4500
003 GCL
008 140319s9999 xx 000 0 ara d
040 _aGCL /
_cGCL
082 0 4 _a812.009
_bا ق
100 1 _aكازانوفا، بول
245 1 0 _aالقصص الدينى فى مسرح الحكيم /
_cكازانوفا، بول
700 1 _aابراهيم درديرى
260 _a[S.N] :
_bدار الشعب ،
_c1975
300 _a160ص
490 _aمطبوعات الشعب
_v0
650 0 4 _aتوفيق الحكيم
650 0 4 _aالمسرحيات
650 0 4 _aالمسرحيات العربية - تاريخ ونقد
942 _2ddc
_cBK
999 _c36990
_d36990